000 00660nam a2200277Ia 4500
005 20260320195725.0
008 008 262003s9999 xx 000 0 hin d
020 _a9788119028481
037 _aEBOOK
040 _aCRL
040 _bhin
040 _cCRL
041 _2hin
041 _ahin
084 _qCRL
100 _aकृष्ण कल्पित
_91132932
245 0 _aजाली किताब
250 _a1st
260 _bRajkamal
260 _c2023
300 _a136
856 _uhttps://ebook.indiaread.in/pdfs/Jali_kitab_by_krishna_kalpit.pdf
942 _cEBOOK
999 _c1716140
_d1716140